中国每万人运动员最多的省区 China provinces with most athletes per capita - Statistics

General Stats
  • This quiz has been taken 76 times
  • The average score is 6 of 10
Answer Stats
万人运动员数 省区 % Correct
0.78 上海
94%
0.66 北京
93%
0.51 天津
86%
0.44 重庆
77%
0.46 新疆
64%
0.42 黑龙江
64%
0.41 山东
52%
0.46 内蒙古
49%
0.51 青海
35%
0.41 宁夏
35%
No matching quizzes found
Score Distribution
Percent of People with Each Score
Percentile by Number Answered
Your Score History
You have not taken this quiz